| 000 | 00584nam a2200193 u 4500 | ||
|---|---|---|---|
| 005 | 20240228063726.0 | ||
| 008 | 121016s2006 br r 000 0 spa d | ||
| 020 | _a8536800984 | ||
| 035 | _aUPN01000187552 | ||
| 049 | _aI | ||
| 050 | 4 |
_aQP37 _bC6.3 |
|
| 100 | 1 |
_aCorradini, Ana Paula _933499 |
|
| 245 | 1 | 0 |
_aCuerpo humano : _bla máquina de la vida / _cAna Paula Corradini ; il. Paulo César Pereira. |
| 260 |
_aSâo Paulo, Br. : _bDCL, _c2006. |
||
| 300 |
_a63 p. : _bil. col. |
||
| 650 | 4 |
_aCuerpo humano _vLiteratura infantil _912325 |
|
| 905 | _aInfantil | ||
| 999 |
_c159655 _d159655 |
||